| 000 | 00000nam##2200000za#4500 |
| 001 | 9.700330 |
| 003 | CaOODSP |
| 005 | 20210625000804 |
| 007 | cr ||||||||||| |
| 008 | 150407|1983||||xxc|||||o f|0| 0 eng|d |
| 040 | |aCaOODSP|beng |
| 043 | |an-cn--- |
| 086 | 1 |aA53-1285/1983E-PDF |
| 110 | 1 |aCanada.|bAgriculture Canada. |bCommunications Branch. |
| 245 | 10|aLythrums for home gardens / |h[electronic resource]|c[by] H.F. Harp and L.M. Collicutt. |
| 250 | |aRevised 1983, Reprinted 1985 |
| 260 | |aSaint-Jean-sur-Richelieu - Quebec : |bAgriculture Canada. |cc1983. |
| 300 | |a8p. |
| 500 | |aHistorical publication digitized by Agriculture and Agri-Food Canada. |
| 590 | |a15-02-Supp|b2015-02-16 |
| 690 | 07|aFlora|2gcpds |
| 720 | 1 |aHarp, H. F. |
| 720 | 1 |aCollicutt, L. M. |
| 775 | 08|tLes lythrums pour le jardin familial / |w(CaOODSP)9.644228 |
| 856 | 40|ahttp://publications.gc.ca|qPDF|s522 KB|uhttps://publications.gc.ca/collections/collection_2015/aac-aafc/A53-1285-1983-eng.pdf |